Arquitectura dibujada. Casas de Temuco 1900-1965
Saved in:
| 主要作者: | |
|---|---|
| 格式: | 圖書 |
| 語言: | 西班牙语 |
| 出版: |
Temuco
Ediciones Arqua
2000
|
| 主題: | |
| 標簽: |
添加標簽
沒有標簽, 成為第一個標記此記錄!
|
MARC
| LEADER | 00000nam a2200000 a 4500 | ||
|---|---|---|---|
| 001 | UCI3220 | ||
| 003 | CL-VaPUC | ||
| 008 | 071019e20000000CL |||||||||||||||||spa|d | ||
| 082 | 0 | 4 | |a 720.98346 |b GAR |2 21 |
| 100 | 0 | |a García Reske, Carlos |e author |9 524625 | |
| 245 | 1 | 0 | |a Arquitectura dibujada. Casas de Temuco 1900-1965 |
| 300 | |a 94 p | ||
| 942 | |c BK | ||
| 945 | |d 20071019 00:00:00 |a rbrito | ||
| 260 | |a Temuco |b Ediciones Arqua |c 2000 | ||
| 650 | 0 | |a Casas |9 348018 | |
| 650 | 0 | |a Historia de la arquitectura |9 266241 | |
| 650 | 0 | |a Vivienda |9 258662 | |
| 650 | 7 | |a DIBUJOS ARQUITECTONICOS |2 CL-VaPUC |9 524626 | |
| 650 | 7 | |a PLANIMETRIA |2 CL-VaPUC |9 524627 | |
| 650 | 0 | |a Desarrollo comunitario |9 310436 | |
| 650 | 7 | |a HABITABILIDAD |2 CL-VaPUC |9 361137 | |
| 651 | 7 | |a TEMUCO |2 CL-VaPUC |9 360247 | |
| 583 | |a last modification |c 20071019 00:00:00 |k Rodrigo Vera | ||
| 999 | |c 327562 |d 327560 | ||
| 952 | |0 0 |1 0 |4 0 |6 720_983460000000000_GAR_2000 |7 0 |8 A |9 410533 |a BIBARQ |b BIBARQ |d 2019-11-22 |i 4381858 |o 720.98346 GAR 2000 |p 4381858 |r 2025-01-20 |w 2019-11-22 |y BK |k ARQ | ||